Statistics for Helsinki neighbourhoods

Click here to take the quiz!

General Stats

  • This quiz has been taken 437 times
  • The average score is 27 of 60

Answer Stats

NumberNeighbourhood% Correct
04Kamppi - Kampen
83%
11Kallio - Berghäll
79%
38Malmi - Malm
73%
17Pasila - Böle
71%
54Vuosaari - Nordsjö
71%
43Herttoniemi - Hertonäs
69%
31Lauttasaari - Drumsö
68%
06Eira - Eira
67%
13Etu-Töölö - Främre Tölö
67%
05Punavuori - Rödbergen
67%
10Sörnäinen - Sörnäs
67%
14Taka-Töölö - Bortre Tölö
67%
42Kulosaari - Brändö
61%
30Munkkiniemi - Munksnäs
60%
07Ullanlinna - Ulrikasborg
59%
29Haaga - Haga
57%
25Käpylä - Kottby
57%
15Meilahti - Mejlans
56%
28Oulunkylä - Åggelby
56%
22Vallila - Vallgård
56%
02Kluuvi - Gloet
55%
49Laajasalo - Degerö
54%
36Viikki - Vik
54%
08Katajanokka - Skatudden
53%
01Kruununhaka - Kronohagen
51%
34Pakila - Baggböle
50%
52Suomenlinna - Sveaborg
47%
37Pukinmäki - Bocksbacka
46%
46Pitäjänmäki - Sockenbacka
43%
03Kaartinkaupunki - Gardesstaden
42%
32Konala - Kånala
42%
16Ruskeasuo - Brunakärr
42%
51Santahamina - Sandhamn
40%
09Kaivopuisto - Brunnsparken
39%
47Mellunkylä - Mellungsby
39%
21Hermanni - Hermanstad
38%
24Kumpula - Gumtäkt
38%
26Koskela - Forsby
35%
23Toukola - Majstad
34%
45Vartiokylä - Botby
33%
12Alppiharju - Åshöjden
32%
55Östersundom - Östersundom
30%
27Vanhakaupunki - Gammelstaden
30%
33Kaarela - Kårböle
29%
18Laakso - Dal
29%
19Mustikkamaa–Korkeasaari - Blåbärslandet–Högholmen
29%
40Suutarila - Skomakarböle
28%
58Karhusaari - Björnsö
25%
20Länsisatama - Västra hamnen
25%
44Tammisalo - Tammelund
24%
39Tapaninkylä - Staffansby
24%
35Tuomarinkylä - Domarby
23%
53Ulkosaaret - Utöarna
22%
41Suurmetsä - Storskog
21%
57Talosaari - Husö
20%
59Ultuna - Ultuna
20%
48Vartiosaari - Vårdö
20%
50Villinki - Villinge
20%
unnumberedAluemeri - Territorialhavet
18%
56Salmenkallio - Sundberg
17%

Score Distribution

Percentile by Number Answered

Percent of People with Each Score

Your Score History

You have not taken this quiz